Southville International School and Colleges
Your cart is empty.
  • Cart
  • Lists
    Public lists Eva Luna New books Lux_list list_1
    Your lists Log in to create your own lists
  • Log in to your account
  • Your cookies
  • Search history
Southville International School and Colleges
  • Advanced search
  • Recent comments
  • Most popular
  • Libraries

Log in to your account

Log in with GOOGLE


If you do not have an external account, but do have a local account, you can still log in:

  1. Home
  2. MARC view: Dynamite defenses /
Normal view MARC view ISBD view

Dynamite defenses / (Record no. 15284)

[ view plain ]
MARC details
000 -LEADER
fixed length control field 00927cam a22003013a 4500
001 - CONTROL NUMBER
control field 16404443
003 - CONTROL NUMBER IDENTIFIER
control field OSt
005 - DATE AND TIME OF LATEST TRANSACTION
control field 20140310182716.0
008 - FIXED-LENGTH DATA ELEMENTS--GENERAL INFORMATION
fixed length control field 861024s1984 xx c j 000 0 eng d
010 ## - LIBRARY OF CONGRESS CONTROL NUMBER
LC control number 98818580
035 ## - SYSTEM CONTROL NUMBER
System control number (OCoLC)ocm14514901
040 ## - CATALOGING SOURCE
Original cataloging agency IVC
Transcribing agency IVC
Modifying agency DLC
050 00 - LIBRARY OF CONGRESS CALL NUMBER
Classification number GV 331
Item number .R431 1984
082 ## - DEWEY DECIMAL CLASSIFICATION NUMBER
Classification number M 796.3322
Item number R31 1984
100 1# - MAIN ENTRY--PERSONAL NAME
Personal name Resciniti, Angelo G.
245 10 - TITLE STATEMENT
Title Dynamite defenses /
Statement of responsibility, etc Resciniti, Angelo G.
260 ## - PUBLICATION, DISTRIBUTION, ETC. (IMPRINT)
Place of publication, distribution, etc [S.l.] :
Name of publisher, distributor, etc Willowisp Press,
Date of publication, distribution, etc c1984.
300 ## - PHYSICAL DESCRIPTION
Extent 160 p. :
Other physical details ill. ;
Dimensions 18 cm.
521 ## - TARGET AUDIENCE NOTE
Target audience note
526 ## - STUDY PROGRAM INFORMATION NOTE
Reading level 1210L to 1700L
541 ## - IMMEDIATE SOURCE OF ACQUISITION NOTE
-- 1
562 ## - COPY AND VERSION IDENTIFICATION NOTE
Number of copies for circulation. 1 copy available in the collection
650 #0 - SUBJECT ADDED ENTRY--TOPICAL TERM
Topical term or geographic name as entry element Football
General subdivision Defense
-- History.
655 #7 - INDEX TERM--GENRE/FORM
Genre/form data or focus term Sports stories.
Source of term lcsh
710 2# - ADDED ENTRY--CORPORATE NAME
Corporate name or jurisdiction name as entry element Copyright Paperback Collection (Library of Congress)
Institution to which field applies DLC
906 ## - LOCAL DATA ELEMENT F, LDF (RLIN)
a 7
b cbc
c copycat
d 2
e ncip
f 19
g y-genrareb
942 ## - ADDED ENTRY ELEMENTS (KOHA)
Source of classification or shelving scheme Library of Congress Classification
Koha item type Books
Call number prefix
Holdings
Withdrawn status Lost status Source of classification or shelving scheme Damaged status Home library Current library Shelving location Date acquired Source of acquisition Total Checkouts Full call number Barcode Date last seen Copy number Price effective from Koha item type
    Library of Congress Classification   Archives Archives   04/20/2012 Donation   GV 331 .R431 1984 C1536 05/15/2018 1 11/14/2013 Books

Dynamite defenses /

APA

Resciniti A. G., Copyright Paperback Collection (Library of Congress), . (1984). Dynamite defenses. [S.l.]: Willowisp Press.

Chicago

Resciniti Angelo G, Copyright Paperback Collection (Library of Congress), . 1984. Dynamite defenses. [S.l.]: Willowisp Press.

Harvard

Resciniti A. G., Copyright Paperback Collection (Library of Congress), . (1984). Dynamite defenses. [S.l.]: Willowisp Press.

MLA

Resciniti Angelo G, Copyright Paperback Collection (Library of Congress), . Dynamite defenses. [S.l.]: Willowisp Press. 1984.

  • Place hold
  • Print
  • Cite
  • Add to your cart (remove)
  • Save record
    BIBTEX Dublin Core MARCXML MARC (non-Unicode/MARC-8) MARC (Unicode/UTF-8) MARC (Unicode/UTF-8, Standard) MODS (XML) RIS
  • More searches
    Search for this title in:
    Other Libraries (WorldCat) Other Databases (Google Scholar) Online Stores (Bookfinder.com) Open Library (openlibrary.org)

Exporting to Dublin Core...

SOUTHVILLE LIBRARY

Southville International School and Colleges Library

1281 Tropical Ave. Cor. Luxembourg St., BF Homes International, Las Pinas City

Tel. No. 8256374 / 252358 Loc. 117/146

Powered by Koha